00271nam a2200109Ia 4500008004100000100001900041245004200060260002100102260000900123546001200132999001700144170619s9999 xx 000 0 und d aRogers David F 0aProcedural Elements Computer Graphics bNew delhi; T M H c2001 aENGLISH c17642d17642